عرض عادي عرض مارك
  • Reed, Chris,

مدخل إسم شخص

عدد التسجيلات المستخدمة في: 1

001 - رقم الضبط

  • حقل الضبط: 41606

003 - معرف رقم الضبط

  • حقل الضبط: OSt

005 - تاريخ ووقت أخر عملية

  • حقل الضبط: 20140107172529.0

008 - عناصر بيانات ثابتة الطول

  • حقل تحكم ثابت الطول: 140107|||a|||||| | ||| d

040 ## - مصدر الفهرسة

  • هيئة الفهرسة الأصلية: OSt
  • وكالة الكتابة: OSt

100 ## - مدخل -- أسم شخص

  • إسم شخص: Reed, Chris,
  • تواريخ مرتبطة بالاسم: 1956-

670 ## - بيانات المصدر موجوده

  • الاستشهاد بالمصدر: Work cat.: (OSt)0: Reed, Chris, 1956-, Making laws for cyberspace /, 2012.